000 01717nam0a2200325 4500
001 RU\NLR\BIBL_A\022714687
005 20260330171643.0
010 _a978-5-00254-187-4
_9100
021 _aRU
_bКН-П-25-075548
_9КН-П-25-7324
035 _a(NLR Aleph) 022714687
090 _a13647278
_c13647278
100 _a20260202d2025 k y0rusy50 ca
101 0 _arus
102 _aRU
105 _aa z 000zy
181 0 _ai3
_baxxe
182 0 _an
200 1 _aПрименение технологии панельных данных в исследовании пространственного неравновесия региональных экономических систем
_eмонография
_fА. В. Аксянова, Г. А. Гадельшина
_gМинистерство науки и высшего образования Российской Федерации, Казанский национальный исследовательский технологический университет
203 _aТекст
_bвизуальный
_cнепосредственный
210 _aКазань
_cБук
_d2025
215 _a78 с.
_cил., табл.
_d21
320 _aБиблиогр.: с. 75-78 (34 назв.)
606 1 _aРегиональная экономика
_xСтатистические методы исследования
_91590870
_3RU\NLR\AUTH\66997908
686 1 _aУ04(0)9в64
700 1 _aАксянова
_bА. В.
_gАнна Владимировна
701 1 _aГадельшина
_bГ. А.
_gГалина Альбертовна
942 _cBOOK
980 _aNB